| 000 | 00934nam a2200265Ia 4500 | ||
|---|---|---|---|
| 003 | GCL | ||
| 008 | 140319s9999 xx 000 0 ara d | ||
| 040 |
_aGCL / _cGCL |
||
| 082 | 0 | 4 |
_a842 _bر ك |
| 100 | 1 | _aمحمد مندور | |
| 245 | 1 | 0 |
_aكنوك او انتصار الطب (هدية من الاديب عبدالفتاح الجمل) / _cمحمد مندور |
| 700 | 1 | _aرومين، جول | |
| 700 | 1 | _aيحيى حقى | |
| 700 | 1 | _aريمون فرنسيس (مراجع) | |
| 300 | _a180 | ||
| 490 |
_aروائع المسرح العالمى _v0 |
||
| 650 | 0 | 4 | _aالادب الفرنسى |
| 650 | 0 | 4 | _aالادب الفارسى |
| 650 | 0 | 4 | _aالادب العالمى |
| 650 | 0 | 4 | _aالمسرحيات العالمية |
| 650 | 0 | 4 | _aالادب الفرنسى المترجم |
| 650 | 0 | 4 | _aالادب الفارسى المترجم |
| 650 | 0 | 4 | _aالمسرحيات الفرنسية المترجمة |
| 942 |
_2ddc _cBK |
||
| 999 |
_c44174 _d44174 |
||